| 000 | 00869cam a2200265 4500 | ||
|---|---|---|---|
| 001 | ##L134987 | ||
| 002 | ##10117 | ||
| 008 | 060915n2006 000 0 eng u | ||
| 020 | _a0750665610 | ||
| 035 | _a(Sirsi) u134987 | ||
| 041 | 0 | _aeng | |
| 050 | 0 | 4 | _a692.5 $2 18 |
| 245 | 0 | 0 |
_aLaxton's building price book _bmajor and small works 2007 |
| 250 | _a179th ed. | ||
| 260 |
_aOxford _bElsevier _c2006 |
||
| 300 |
_axliv, 906p. _c2006 |
||
| 350 | _a120 | ||
| 520 | _aIncludes prices for major works, small works and alterations, repairs and maintenance works. Also includes general information on standard rates of wages, daywork charges and fees. | ||
| 520 | _aSupersedes 178th edition (ISBN 0750665602) | ||
| 590 | _aIKA031006 | ||
| 651 | 4 |
_aUnited Kingdom _y |
|
| 690 | _aBUILT ENVIRONMENT-BUILDING COSTS | ||
| 710 | 2 |
_aV. B. Johnson _95048 |
|
| 942 | _n0 | ||
| 999 |
_c105876 _d105876 |
||